00595cam a2200181 a 4500020001500000082002900015100002800044245005800072250001200130260003600142300003600178526003700214650001400251650002400265650000800289856005400297856006200351 a007057642400a515/.15bSIMcL-39,P-1121 aSimmons, George Finlay,10aCalculus with analytic geometry /cGeorge F. Simmons. a2nd ed. aNew York :bMcGraw-Hill,c1996. axxiii, 887 p. ;bill. ;c27 cm. a0b0c0d515_150000000000000_SIM 0aCalculus. 0aGeometry, Analytic. 0aMCE41uhttp://www.loc.gov/catdir/toc/mh022/95038343.html42uhttp://www.loc.gov/catdir/description/mh022/95038343.html